<?xml version="1.0" encoding="UTF-8"?>
<marc:record xmlns:marc="http://www.loc.gov/MARC21/slim">
   <marc:leader>00000nam a2200000 a 4500</marc:leader>
   <marc:datafield ind1="1" ind2=" " tag="100">
      <marc:subfield code="a">Kopsa, Reingard</marc:subfield>
      <marc:subfield code="4">aut</marc:subfield>
      <marc:subfield code="e">Verfasser/-in</marc:subfield>
   </marc:datafield>
   <marc:datafield ind1="0" ind2="0" tag="245">
      <marc:subfield code="a">Komm und schau mit uns in den Garten</marc:subfield>
   </marc:datafield>
   <marc:datafield ind1=" " ind2="1" tag="264">
      <marc:subfield code="b">Breitschopf</marc:subfield>
      <marc:subfield code="c">1988</marc:subfield>
   </marc:datafield>
   <marc:datafield ind1="1" ind2=" " tag="520">
      <marc:subfield code="a">Naturgetreue, einprägsame Bilder mit erklärenden Texten beantworten in anschaulichster Weise jene Fragen, die Kinder immer wieder über das Leben in der Natur stellen. "Spielend Wissen" bringt daruber hinaus anregungen und Anleitungen für die kreative BEschäftigung bis hin zu einem Würfelspiel für alle, die ihr Wissen spielend prüfen wollen.
</marc:subfield>
   </marc:datafield>
   <marc:datafield ind1=" " ind2=" " tag="020">
      <marc:subfield code="a">9783700408512</marc:subfield>
      <marc:subfield code="9">9783700408512</marc:subfield>
   </marc:datafield>
</marc:record>
